Les 20 villes les plus peuplées de la Vienne - Statistiques

Statistiques générales
  • Ce quiz a été pris 66 fois
  • Le résultat moyen est 9 sur 20
Statistiques - réponses
Population Villes % Correct
90 240 Poitiers
98%
31 284 Châtellerault
88%
5 919 Montmorillon
70%
10 105 Buxerolle
65%
7 307 Saint-Benoît
63%
7 099 Chauvigny
60%
6 743 Loudun
58%
4 468 Vivonne
50%
4 767 Chasseneuil-du-Poitou
43%
7 687 Jaunay-Marigny
43%
6 197 Migné-Auxances
40%
5 176 Mignaloux-Beauvoir
28%
5 944 Naintré
28%
3 969 Fontaine-le-Comte
25%
6 210 Vouneuil-sous-Biard
25%
3 698 Montamisé
18%
5 429 Neuville-de-Poitou
18%
4 368 Valence-en-Poitou / Couhé
18%
5 620 Saint-Martin-la-Pallu
15%
4 271 Saint-Georges-lès-Baillargeaux
13%
Aucun quiz correspondant
Distribution des résultats
% des personnes avec chaque résultat
Percentile par nombre de réponses
Votre historique - résultats
Vous n’avez pas pris ce quiz